guess the gracie abrams song w no hints ˚ ༘ ೀ⋆。˚ - Statistics

General Stats
  • This quiz has been taken 64 times
    60 since last reset
  • The average score is 180 of 262
Answer Stats
Answer % Correct
I
100%
to
91%
a
89%
it
89%
my
89%
the
89%
you
87%
You
87%
and
85%
And
85%
that
85%
were
85%
we're
85%
I'm
83%
know
83%
Do
80%
in
80%
on
80%
what
80%
your
80%
You're
80%
you're
80%
go
78%
now
78%
So
78%
all
76%
like
76%
never
76%
said
76%
But
74%
but
74%
of
74%
this
74%
told
74%
just
72%
things
72%
Took
72%
took
72%
at
70%
Don't
70%
(Don't
70%
if
70%
Not
70%
say
70%
them
70%
they
70%
worst
70%
for
67%
get
67%
it's
67%
once
67%
than
67%
black
65%
By
65%
I'll
65%
lost
65%
Lost
65%
regret
65%
til
65%
am
63%
as
63%
As
63%
boy
63%
fade
63%
let
63%
call
61%
feeling
61%
Hey
61%
home
61%
more
61%
out
61%
sad
61%
up
61%
face
59%
golden
59%
I've
59%
or
59%
pain
59%
pain)
59%
you've
59%
built
57%
cage
57%
ceiling
57%
color
57%
insane
57%
leaving
57%
writing
57%
back
54%
else
54%
good
54%
guilt
54%
Stay
54%
tell
54%
been
52%
fair
52%
give
52%
Hallucination
52%
little
52%
mean
52%
shame
52%
walls
52%
anybody
50%
bar
50%
changed
50%
cigarettes
50%
city
50%
enough
50%
few
50%
girls
50%
hands
50%
much
50%
pack
50%
reaching
50%
yesterday
50%
away
48%
cut
48%
drunken
48%
glow
48%
guess
48%
guys
48%
how's
48%
local
48%
nevermind
48%
okay
48%
recognized
48%
strange
48%
turned
48%
wait
48%
freak
46%
hundred
46%
Instead
46%
limit
46%
plus
46%
poems
46%
practice
46%
straight
46%
throw
46%
walking
46%
ways
46%
year
46%
pieces
43%
played
43%
safe
43%
stopped
43%
yellow
43%
Composed
41%
cost
41%
Fake
41%
games
41%
(Ah)
39%
mm
39%
claw
33%
starlet
30%
fantasies
9%
No matching quizzes found
Score Distribution
Percent of People with Each Score
Percentile by Number Answered
Your Score History
You have not taken this quiz since the last reset